| 000 | 00764nas a2200241 4500 | ||
|---|---|---|---|
| 001 | BR8403575 | ||
| 003 | BR-BrBNA | ||
| 005 | 20231205085943.0 | ||
| 007 | ta | ||
| 008 | 230509b bl.|||p| |||| 00| 00por d | ||
| 040 |
_aBR-BrBNA _bpor _cBiblioteca Nacional de Agricultura |
||
| 041 | _a(Pt) | ||
| 072 | _aL30; L36 | ||
| 100 | 1 | _aSilvestre, J.R.A. | |
| 245 | 1 | _aSubprodutos da industria de carnes na alimentacao dos ruminantes | |
| 650 | _aRUMINANTE | ||
| 650 | _aSUBPRODUTO | ||
| 650 | _aRESIDUO INDUSTRIAL | ||
| 650 | _aCARNE | ||
| 773 | 0 |
_tInforme Agropecuario - Empresa de Pesquisa Agropecuaria de Minas Gerais (Brazil) _xISSN 0100-3364 _g(Nov 1984), v. 10(119) p. 49-52 _wBR8403575 |
|
| 909 |
_a202311 _bLúcia _c55 _dLúcia Elande |
||
| 942 |
_2AGRIS _n0 _cANA |
||
| 999 |
_c115078 _d115078 |
||